Представление документа в формате RUSMARC

ПолеНазваниеЗначение
  Тип записи a
  Библиографический уровень m
001 Контрольный номер 85f8cc5ce41c4d54ae716ee55cfe3d36
005 Дата корректировки 20260115122924.3
010 Индекс ISBN __
a ISBN 978-5-17-093048-7
b Уточнения в пер.
9 Тираж 1500 экз.
d Цена 336-73
100 Данные общей обработки __
a Данные общей обработки 20251006d2024 da y0rusy028902 ca
101 Язык документа 1_
a Язык текста rus
c Язык оригинала fre
102 Страна публикации __
a Страна публикации RU
105 Кодированные данные (монография) __
a Кодированные данные (монография) y z 000ay
181 Поле кодированных данных: вид содержания _0
a Код вида содержания (ISBD) b
182 Поле кодированных данных: тип средства _0
a Код типа средства (ISBD) n
200 Заглавие и сведения об ответственности 1_
a Заглавие Двадцать тысяч лье под водой
e Сведения, относящиеся к заглавию роман : для среднего школьного возраста
f Первые сведения об ответственности Жюль Верн
g Последующие сведения об ответственности перевод с французского Е. Ф. Корша, Н. Г. Яковлевой
203 Вид содержания и тип средства __
a Вид содержания Текст
c Тип средства непосредственный
210 Выходные данные 1_
a Место издания Москва
c Издательство АСТ
d Дата издания 2024
215 Физическое описание __
a Объем 476, [1] с.
d Формат 21 см
225 Серия 2_
a Серия Классика для школьников
e Сведения, относящиеся к заглавию серии КШ
225 Серия 2_
a Серия Рекомендовано лучшими учителями
330 Аннотация __
a Аннотация "Двадцать тысяч лье под водой" - один из самых известных романов Жюля Верна. История смелого, беззаветно преданного науке профессора Пьера Аронакса и его друзей - остроумного, веселого Конселя и бесстрашного канадского гарпунера Неда Ленда, - волей случая оказавшихся на "Наутилусе" - удивительном подводном корабле таинственного капитана Немо. История их опасных и увлекательных приключений в океанских и морских глубинах. Книга, которую читали и будут читать всегда!
333 Примечание о целевом назначении __
a Примечание о целевом назначении 12+. Для детей старше 12 лет
606 Тематические рубрики __
a Основная рубрика Художественная литература
2 Код системы nlr_sh
606 Тематические рубрики __
a Основная рубрика Литература Европы (произведения)
z Хронологическая подрубрика 19 в.
y Географическая подрубрика Франция
2 Код системы nlr_sh
610 Ключевые слова 0_
a Ключевые слова детская литература
610 Ключевые слова 0_
a Ключевые слова детские романы
610 Ключевые слова 0_
a Ключевые слова европейская литература
610 Ключевые слова 0_
a Ключевые слова зарубежная литература
610 Ключевые слова 0_
a Ключевые слова иностранная литература
610 Ключевые слова 0_
a Ключевые слова Капитан Немо
610 Ключевые слова 0_
a Ключевые слова классическая литература
610 Ключевые слова 0_
a Ключевые слова научная фантастика
610 Ключевые слова 0_
a Ключевые слова приключенческая литература
610 Ключевые слова 0_
a Ключевые слова романы
610 Ключевые слова 0_
a Ключевые слова тема морских приключений
610 Ключевые слова 0_
a Ключевые слова тема морских путешествий
610 Ключевые слова 0_
a Ключевые слова тема подводного мира
610 Ключевые слова 0_
a Ключевые слова тема приключений
610 Ключевые слова 0_
a Ключевые слова тема путешествий
610 Ключевые слова 0_
a Ключевые слова фантастика
610 Ключевые слова 0_
a Ключевые слова фантастические романы
610 Ключевые слова 0_
a Ключевые слова французская литература
686 Индексы других классификаций __
2 Код системы rubbks
a Классификационный индекс 84(4Фра)52-445; ст84(4Фра)-445
700 Автор _1
a Фамилия Верн
b Имя Ж.
f Даты 1828-1905
g Полное личное имя Жюль
4 Код отношения 070
702 Вторичная интеллектуальная ответственность _1
a Фамилия Корш
b Имя Е. Ф.
4 Код отношения 730
f Даты 1810-1897
g Полное личное имя Евгений Федорович
702 Вторичная интеллектуальная ответственность _1
a Фамилия Яковлева
b Имя Н. Г.
4 Код отношения 730
g Полное личное имя Нина Герасимовна
801 Источник записи _0
a Страна RU
b Организация Муниципальное бюджетное учреждение культуры "Централизованная библиотечная система" г. Сургут (Центральная городская библиотека им. А. С. Пушкина)
c Дата составления 20251006
g Правила каталогизации PSBO
801 Источник записи _1
a Страна RU
b Организация Муниципальное бюджетное учреждение культуры "Централизованная библиотечная система" г. Сургут (Центральная городская библиотека им. А. С. Пушкина)
c Дата составления 20251006
g Правила каталогизации PSBO
852 Данные о местонахождении __
j Шифр хранения 84(4Фра)52-445
i Авторский знак В 35
900 Макрообъекты __
a Макрообъекты Двадцать тысяч лье под водой. Верн, Ж., 2024
901 Тип документа __
t Тип документа m
a Ответственный ООФиК/Волкова
903 Характеристики (МАРС) __
a Дата передачи 20251006
c Наименование библиотеки (МАРС) Муниципальное бюджетное учреждение культуры "Централизованная библиотечная система" г. Сургут (Центральная городская библиотека им. А. С. Пушкина)
969 Тип издания __
a Тип издания издание для детей
990 Данные о заказе (DOS) __
j Количество экземпляров (DOS) 4
t N записи в КСУ для И/У (DOS) 202510